Retención y percepción de ingresos brutos CABA a pequeños contribuyentes del regimen simplificado (Registro nro. 15488)

Detalles MARC
000 -LEADER
fixed length control field 00376 a2200109 4500
001 - CONTROL NUMBER
control field ART_19163
005 - DATE AND TIME OF LATEST TRANSACTION
control field 20260410161704.0
008 - FIXED-LENGTH DATA ELEMENTS--GENERAL INFORMATION
fixed length control field 260409a
100 1# - MAIN ENTRY--PERSONAL NAME
Personal name Santacruz, Lidia M.
245 10 - TITLE STATEMENT
Title Retención y percepción de ingresos brutos CABA a pequeños contribuyentes del regimen simplificado
773 0# - HOST ITEM ENTRY
Title Revista Impuestos
Related parts - Nº 13 (jul. 2009)
Record control number REV639

No hay ítems disponibles.